<?xml version="1.0" encoding="UTF-8"?>
<record
    xmlns:xsi="http://www.w3.org/2001/XMLSchema-instance"
    xsi:schemaLocation="http://www.loc.gov/MARC21/slim http://www.loc.gov/standards/marcxml/schema/MARC21slim.xsd"
    xmlns="http://www.loc.gov/MARC21/slim">

  <leader>00572nam a22001937a 4500</leader>
  <datafield tag="999" ind1=" " ind2=" ">
    <subfield code="c">7746</subfield>
    <subfield code="d">7746</subfield>
  </datafield>
  <controlfield tag="003">OSt</controlfield>
  <controlfield tag="005">20230612140332.0</controlfield>
  <controlfield tag="008">230612b           ||||| |||| 00| 0 eng d</controlfield>
  <datafield tag="015" ind1=" " ind2=" ">
    <subfield code="2">Biblioteca de Catalunya</subfield>
    <subfield code="a">DL B9138-2023</subfield>
  </datafield>
  <datafield tag="020" ind1=" " ind2=" ">
    <subfield code="a">9788498095395</subfield>
  </datafield>
  <datafield tag="040" ind1=" " ind2=" ">
    <subfield code="a">CDMR</subfield>
    <subfield code="b">cat</subfield>
    <subfield code="c">CDMR</subfield>
  </datafield>
  <datafield tag="100" ind1=" " ind2=" ">
    <subfield code="9">4854</subfield>
    <subfield code="a">Besses, Montserrat</subfield>
  </datafield>
  <datafield tag="245" ind1=" " ind2=" ">
    <subfield code="a">Totes les cares de Fran&#xE7;a </subfield>
    <subfield code="c">/ Montserrat Besses</subfield>
  </datafield>
  <datafield tag="260" ind1=" " ind2=" ">
    <subfield code="a">Barcelona </subfield>
    <subfield code="b">: P&#xF2;rtic</subfield>
    <subfield code="c">, 2023</subfield>
  </datafield>
  <datafield tag="300" ind1=" " ind2=" ">
    <subfield code="a">470 p&#xE0;gines</subfield>
  </datafield>
  <datafield tag="600" ind1=" " ind2="0">
    <subfield code="9">4855</subfield>
    <subfield code="a">Macron, Emmanuel</subfield>
  </datafield>
  <datafield tag="651" ind1=" " ind2="0">
    <subfield code="9">4856</subfield>
    <subfield code="a">Fran&#xE7;a</subfield>
    <subfield code="x">Pol&#xED;tica i govern </subfield>
    <subfield code="z">S. XXI</subfield>
  </datafield>
  <datafield tag="942" ind1=" " ind2=" ">
    <subfield code="2">udc</subfield>
    <subfield code="c">MON</subfield>
  </datafield>
  <datafield tag="952" ind1=" " ind2=" ">
    <subfield code="0">0</subfield>
    <subfield code="1">0</subfield>
    <subfield code="4">0</subfield>
    <subfield code="7">0</subfield>
    <subfield code="a">CDMR</subfield>
    <subfield code="b">CDMR</subfield>
    <subfield code="d">2023-06-12</subfield>
    <subfield code="e">Donaci&#xF3;</subfield>
    <subfield code="g">19.50</subfield>
    <subfield code="l">1</subfield>
    <subfield code="o">Dj /150</subfield>
    <subfield code="p">CDMR23060006</subfield>
    <subfield code="r">2024-04-11</subfield>
    <subfield code="s">2024-03-25</subfield>
    <subfield code="w">2023-06-12</subfield>
    <subfield code="y">MON</subfield>
  </datafield>
</record>
